000 00315nam a2200133Ia 4500
008 150301s2015 xx 000 0 und d
082 _a615
_bD15D
100 _aDHIKAR VIKAS
245 _aDRUGS CLASSIFICATION IN PHARMACOLOGY
260 _bAITBS DELHI
300 _a225
650 _aPHARMACOLOGY
942 _2ddc
_cBK
999 _c7181
_d7181